000
00306nam a22001337a 4500
008
180315b xxu||||| |||| 00| 0 eng d
020
_a
9780534579159
041
_a
eng
080
_a
316
100
_a
50
101
_a
SOC
245
_a
Readings in social research methods
_c
Wysocki,D.K
942
_2
udc
_c
BK
999
_c
45131
_d
45131